| 000 | 00000nam 2200000zi 4500 |
| 001 | 9.922087 |
| 003 | CaOODSP |
| 005 | 20230621093845 |
| 006 | m o d f |
| 007 | cr bn||||||||| |
| 008 | 230501s2023 onc ol f000 0 fre d |
| 040 | |aCaOODSP|bfre|erda|cCaOODSP |
| 041 | 0 |aeng|afre |
| 043 | |an-cn--- |
| 086 | 1 |aYX4-2023/5-PDF |
| 110 | 1 |aCanada.|ejuridiction promulgatrice. |
| 240 | 10|aLoi sur la Journée internationale de la langue maternelle |
| 245 | 13|aAn Act to establish International Mother Language Day = |bLoi instituant la Journée internationale de la langue maternelle. |
| 246 | 31|aLoi instituant la Journée internationale de la langue maternelle |
| 264 | 1|a[Ottawa] : |b[Chambre des communes du Canada], |c2023. |
| 300 | |a1 ressource en ligne (ii, 2 pages). |
| 336 | |atexte|btxt|2rdacontent/fre |
| 337 | |ainformatique|bc|2rdamedia/fre |
| 338 | |aressource en ligne|bcr|2rdacarrier/fre |
| 490 | 1 |aLois du Canada ..., chapitre ... ; |vLois du Canada (2023), chapitre 5, 1re session, 44e législature |
| 500 | |a« Première session, quarante-quatrième législature, 70-71 Elizabeth II - 1 Charles III, 2021-2022-2023. » |
| 500 | |a« Sanctionnée le 27 avril 2023, projet de loi S-214. » |
| 500 | |aDate originale de publication : 2023/05/01. Republié : 2023/06/16, 2023/06/19. |
| 520 | |a« Le texte désigne le 21 février comme « Journée internationale de la langue maternelle » » -- Sommaire, page ii. |
| 546 | |aTexte en anglais et en français. |
| 650 | 6|aLangue maternelle. |
| 650 | 6|aJournées thématiques|zCanada. |
| 655 | 7|aLois et codes|2rvmgf |
| 710 | 1 |aCanada. |bParlement. |bChambre des communes, |eorganisme de publication. |
| 791 | |tAn Act to establish International Mother Language Day = |eeng|w(CaOODSP)9.922086 |
| 830 | #0|aLois du Canada ..., chapitre ...|vLois du Canada (2023), chapitre 5, 1re session, 44e législature.|w(CaOODSP)9.500678 |
| 856 | 40|qPDF|s81 Ko|uhttps://publications.gc.ca/collections/collection_2023/lois-statutes/YX4-2023-5.pdf |
| 856 | 4 |qHTML|sS.O.|uhttps://www.parl.ca/DocumentViewer/fr/44-1/projet-loi/S-214/sanction-royal |